| 000 | 00457nam a2200133Ia 4500 | ||
|---|---|---|---|
| 008 | 231221s9999 xx 000 0 und d | ||
| 020 | _a978-1-84800-391-0 | ||
| 041 | _aEnglish | ||
| 100 | _aDan B. Marghitu | ||
| 245 | 0 | _aMechanisms and Robots Analysis with MATLABĀ® | |
| 260 |
_c2009 _bSpringer London _aNew York |
||
| 650 | _aControl, Robotics, Mechatronics; Vibration, Dynamical Systems, Control; Artificial Intelligence (incl. Robotics) | ||
| 942 | _cEB | ||
| 999 |
_c227347 _d227347 |
||